| 000 | 02330nam a2200421Ii 4500 | ||
|---|---|---|---|
| 001 | 9781787696730 | ||
| 003 | UtOrBLW | ||
| 005 | 20210303084900.0 | ||
| 006 | m o d | ||
| 007 | cr un||||||||| | ||
| 008 | 181115t20182019enka ob 001 0 eng d | ||
| 020 | _a9781787696730 (e-book) | ||
| 040 |
_aUtOrBLW _beng _erda _cUtOrBLW |
||
| 050 | 4 |
_aHF5549 _b.M64 2018 |
|
| 072 | 7 |
_aBUS030000 _2bisacsh |
|
| 072 | 7 |
_aKJMV2 _2bicssc |
|
| 080 | _a658.3 | ||
| 082 | 0 | 4 |
_a658.3 _223 |
| 100 | 1 |
_aMoghimi, Seyed Mohammad, _eauthor. |
|
| 245 | 1 | 0 |
_aPrinciples and fundamentals of Islamic management / _cby Seyed Mohammad Moghimi (University of Tehran, Iran). |
| 250 | _aFirst edition. | ||
| 264 | 1 | _bEmerald Publishing Limited, | |
| 300 |
_a1 online resource (xvii, 279 pages) : _billustrations |
||
| 504 | _aIncludes bibliographical references and index. | ||
| 505 | 0 | _aPrelims -- Section 1: Introduction of Islamic management -- The concept of organization and management from the Islam point of view -- The process of Islamic management formation and its approaches -- Section 2: Management functions in Islamic management -- Principles of planning in Islamic management -- Decision-making and policy-making in Islamic management -- Principles of organizing in Islamic management -- Human resources management in Islamic management -- Directing in Islamic management -- Organizational control in Islamic management -- References -- Index. | |
| 520 | _aPrinciples and Fundamentals of Islamic Management examines the concept of business and public management from the viewpoint of Islam. Providing a much-needed insight into the practicalities of management operations in an Islamic context, this book is essential reading for researchers, managers, and students. | ||
| 588 | 0 | _aPrint version record | |
| 650 | 0 | _aPersonnel management. | |
| 650 | 0 | _aPersonnel management (Islamic law) | |
| 650 | 7 |
_aBusiness & Economics _xHuman Resources & Personnel Management. _2bisacsh |
|
| 650 | 7 |
_aPersonnel & human resources management. _2bicssc |
|
| 776 | _z9781787696747 | ||
| 856 | 4 | 0 | _uhttps://www.emerald.com/insight/publication/doi/10.1108/9781787696730 |
| 999 |
_c29924 _d29924 |
||